US Vice Presidents - Statistics

General Stats
  • This quiz has been taken 9 times
  • The average score is 12 of 24
Answer Stats
Hint Answer % Correct
1993-2001 Al Gore
100%
2001-2009 Dick Cheney
100%
2009-2017 Joe Biden
100%
1974 Gerald Ford
88%
1961-1963 Lyndon B Johnson
88%
2017 Mike Pence
88%
1981-1989 George Bush
75%
1945 Harry Truman
75%
1953-1961 Richard Nixon
63%
1977-1981 Walter Mondale
63%
1921-1923 Calvin Coolidge
50%
1901 Theodore Roosevelt
50%
1965-1969 Hubert Humphrey
38%
1974-1977 Nelson Rockefeller
38%
1969-1973 Spiro Agnew
38%
1929-1933 Charles Curtis
25%
1925-1929 Charles Dawes
25%
1949-1953 Alben Barkley
13%
1905-1909 Charles Fairbanks
13%
1897-1899 Garet Hobart
13%
1941-1945 Henry Wallace
13%
1909-1912 James Sherman
13%
1933-1941 John Nance Garner
13%
1913-1921 Thomas R Marshall
13%
No matching quizzes found
Score Distribution
Percent of People with Each Score
Percentile by Number Answered
Your Score History
You have not taken this quiz